000 00825nam a22001815i 4500
001 165156
003 ES-MaACL
005 20251014063240.0
008 991011s1880 sp |||| | spa d
040 _aAS
_bspa
_cAS
100 1 _aSellés, Eugenio,
_d1842-1926
_9145933
245 1 3 _aEl cielo ó El suelo
_b: drama en tres actos y en verso /
_coriginal de Eugenio Sellés.
260 _aMadrid :
_b[Administración Lírico-Dramática,
_c1880 (
_fTipografía de G. Estrada)
300 _a78 p. ;
_c19 cm.
594 _aEn port.: Representado por primera vez en el Teatro Español de Madrid, en enero de 1880.
852 _aES-MaACL
_jF-8649(4)
_z-- Enc. hol. conservando la cub. original
_z.- Enc. en un vol. facticio formando parte de la col. facticia "Teatro español moderno" v. 108
999 _c165156
_d165156